Tracy's royal building surveying service (Record no. 72939)
[ view plain ]
| 000 -LEADER | |
|---|---|
| fixed length control field | 00921cam a2200229 4500 |
| 001 - CONTROL NUMBER | |
| control field | X122764 |
| 008 - FIXED-LENGTH DATA ELEMENTS--GENERAL INFORMATION | |
| fixed length control field | 030626n2003 000 0 eng u |
| 035 ## - SYSTEM CONTROL NUMBER | |
| System control number | (Sirsi) u122764 |
| 100 ## - MAIN ENTRY--PERSONAL NAME | |
| Personal name | Sparkes, J. |
| 245 ## - TITLE STATEMENT | |
| Title | Tracy's royal building surveying service |
| 260 ## - PUBLICATION, DISTRIBUTION, ETC. | |
| Date of publication, distribution, etc. | 2003 |
| 490 ## - SERIES STATEMENT | |
| Series statement | RICS Feature |
| Volume/sequential designation | 19 June 2003 (2) |
| 520 ## - SUMMARY, ETC. | |
| Summary, etc. | Feature profiling Tracey Simmons a chartered building surveyor and part of the Surveyor of the Fabric's team at Historic Royal Palaces, the charitable trust responsible for the maintenance and upkeep of Hampton Court, Kew Palace, Kensington Palace, Banqueting House and the Tower of London. |
| 650 ## - SUBJECT ADDED ENTRY--TOPICAL TERM | |
| Topical term or geographic name entry element | BUILDING SURVEYORS |
| 650 ## - SUBJECT ADDED ENTRY--TOPICAL TERM | |
| Topical term or geographic name entry element | HISTORIC ROYAL PALACES |
| 650 ## - SUBJECT ADDED ENTRY--TOPICAL TERM | |
| Topical term or geographic name entry element | RICS RAISING THE RATIO CAMPAIGN |
| 650 ## - SUBJECT ADDED ENTRY--TOPICAL TERM | |
| Topical term or geographic name entry element | SURVEYORS OF THE FABRIC |
| 650 ## - SUBJECT ADDED ENTRY--TOPICAL TERM | |
| Topical term or geographic name entry element | WOMEN IN SURVEYING |
| 650 ## - SUBJECT ADDED ENTRY--TOPICAL TERM | |
| Topical term or geographic name entry element | WOMEN SURVEYORS |
| 690 ## - LOCAL SUBJECT ADDED ENTRY--TOPICAL TERM (OCLC, RLIN) | |
| Topical term or geographic name as entry element | BUILT ENVIRONMENT-BUILDING INSPECTION |
| 942 ## - ADDED ENTRY ELEMENTS (KOHA) | |
| Suppress in OPAC | 0 |
| Withdrawn status | Lost status | Source of classification or shelving scheme | Damaged status | Not for loan | Home library | Current library | Shelving location | Date acquired | Total Checkouts | Full call number | Barcode | Date last seen | Copy number | Price effective from | Koha item type |
|---|---|---|---|---|---|---|---|---|---|---|---|---|---|---|---|
| Dewey Decimal Classification | Virtual | Virtual | Online | 26/06/2003 | ONLINE PUBLICATION | 122764-1001 | 06/08/2019 | 1 | 06/08/2019 | Journal article |